Southville International School and Colleges
Your cart is empty.
  • Cart
  • Lists
    Public lists Eva Luna New books Lux_list list_1
    Your lists Log in to create your own lists
  • Log in to your account
  • Your cookies
  • Search history
Southville International School and Colleges
  • Advanced search
  • Recent comments
  • Most popular
  • Libraries

Log in to your account

Log in with GOOGLE


If you do not have an external account, but do have a local account, you can still log in:

  1. Home
  2. MARC view: AIDS :
Normal view MARC view ISBD view

AIDS : (Record no. 23127)

[ view plain ]
MARC details
000 -LEADER
fixed length control field 00489nam a2200181 a 4500
005 - DATE AND TIME OF LATEST TRANSACTION
control field 20140310183441.0
008 - FIXED-LENGTH DATA ELEMENTS--GENERAL INFORMATION
fixed length control field 080804s19uu xx 00 eng d
020 ## - INTERNATIONAL STANDARD BOOK NUMBER
International Standard Book Number 02508362
050 ## - LIBRARY OF CONGRESS CALL NUMBER
Classification number RA 643.86
Item number .Ai288 1997
245 ## - TITLE STATEMENT
Title AIDS :
Remainder of title no time for complacency. /
260 ## - PUBLICATION, DISTRIBUTION, ETC. (IMPRINT)
Place of publication, distribution, etc New Delhi, India :
Name of publisher, distributor, etc World Health Organization,
Date of publication, distribution, etc 1997.
300 ## - PHYSICAL DESCRIPTION
Extent 89 p. :
Dimensions 23 cm.
521 ## - TARGET AUDIENCE NOTE
Target audience note
650 ## - SUBJECT ADDED ENTRY--TOPICAL TERM
Topical term or geographic name as entry element Nursing books.
650 ## - SUBJECT ADDED ENTRY--TOPICAL TERM
Topical term or geographic name as entry element AIDS (disease).
942 ## - ADDED ENTRY ELEMENTS (KOHA)
Koha item type Books
Source of classification or shelving scheme Library of Congress Classification
Call number prefix Foreign
Holdings
Withdrawn status Lost status Source of classification or shelving scheme Damaged status Home library Current library Shelving location Date acquired Total Checkouts Full call number Barcode Date last seen Copy number Price effective from Koha item type
    Library of Congress Classification   College Library College Library General Circulation Section 08/04/2008   RA 643.86 .Ai288 1997 C9445 05/15/2018 1 10/18/2013 Books

AIDS :

APA

(1997). AIDS. New Delhi, India: World Health Organization.

Chicago

1997. AIDS. New Delhi, India: World Health Organization.

Harvard

(1997). AIDS. New Delhi, India: World Health Organization.

MLA

AIDS. New Delhi, India: World Health Organization. 1997.

  • Place hold
  • Print
  • Cite
  • Add to your cart (remove)
  • Save record
    BIBTEX Dublin Core MARCXML MARC (non-Unicode/MARC-8) MARC (Unicode/UTF-8) MARC (Unicode/UTF-8, Standard) MODS (XML) RIS
  • More searches
    Search for this title in:
    Other Libraries (WorldCat) Other Databases (Google Scholar) Online Stores (Bookfinder.com) Open Library (openlibrary.org)

Exporting to Dublin Core...

SOUTHVILLE LIBRARY

Southville International School and Colleges Library

1281 Tropical Ave. Cor. Luxembourg St., BF Homes International, Las Pinas City

Tel. No. 8256374 / 252358 Loc. 117/146

Powered by Koha